000
00301nam a22001337a 4500
008
171016b xxu||||| |||| 00| 0 eng d
020
_a
9780072877472
041
_a
eng
080
_2
5 ED
_a
33
100
_a
52
101
_a
ECO
245
_a
ESSENTIALS ECONOMICS
_c
SCHILLLERR.B.R
942
_2
udc
_c
BK
999
_c
33991
_d
33991